|
|
|
|
| LEADER |
00000cam a2200000 a 4500 |
| 001 |
vtls001452407 |
| 003 |
SK-MaSNL |
| 005 |
20260425225251.0 |
| 008 |
240226s2001 xo fr 000 0 slo |
| 015 |
|
|
|a SNBA2003/10-03771
|
| 020 |
|
|
|a 8096739689
|
| 035 |
|
|
|a SNK000407714
|
| 035 |
|
|
|a urn:nbn:sk:snk-am3j0ye
|
| 035 |
|
|
|a EE657B1B-796D-4308-ABED-28743D7833D8
|
| 035 |
|
|
|a urn:nbn:sk:snk-am00ge8l
|
| 040 |
|
|
|a SNK
|b slo
|c SNK
|e AACR2
|
| 041 |
0 |
|
|a slo
|
| 043 |
|
|
|a e-xo---
|
| 044 |
|
|
|a xo
|c SK
|
| 072 |
|
7 |
|a 342
|x Ústavné právo. Správne právo
|2 konspekt
|
| 080 |
|
|
|a 342.565.2
|2 2011
|
| 080 |
|
|
|a 347.951
|2 2011
|
| 080 |
|
|
|a (437.6)
|2 2011
|
| 080 |
|
|
|a (048.8)
|2 2011
|
| 100 |
1 |
|
|a Bröstl, Alexander,
|d 1953-
|4 aut
|9 85115
|
| 245 |
1 |
0 |
|a Ústavný súd Slovenskej republiky
|b (organizácia, proces, doktrína)
|c Alexander Bröstl, Ján Klučka, Ján Mazák
|
| 250 |
|
|
|a 1. vyd.
|
| 260 |
|
|
|a Košice
|b Ústavný súd SR
|c 2001
|
| 300 |
|
|
|a 162 strán
|c 21 cm
|
| 366 |
|
|
|e 400 kusov
|
| 610 |
1 |
7 |
|a Slovensko.
|b Ústavný súd
|2 SNKKA
|9 17010
|
| 650 |
0 |
7 |
|a ústavné súdnictvo
|2 SNKPH
|9 2633
|
| 650 |
0 |
7 |
|a súdne rozhodnutia a stanoviská
|2 SNKPH
|9 4638
|
| 651 |
|
7 |
|a Slovensko
|2 SNKPHgeo
|9 14231
|
| 655 |
|
7 |
|a monografie
|2 SNKPH
|9 70139
|
| 700 |
1 |
|
|a Klučka, Ján,
|d 1951-
|4 aut
|9 107147
|
| 700 |
1 |
|
|a Mazák, Ján,
|d 1954-
|4 aut
|9 109435
|
| 919 |
|
|
|a 80-967396-8-9
|
| 958 |
|
|
|a TL
|
| 958 |
|
|
|a OND
|
| 999 |
|
|
|c 643307
|d 645237
|
| 952 |
|
|
|t P60, <03>, [BOOK], {603}
|a SNK
|b SNK
|y PREZ
|7 0
|p 17A0382019
|o snkSC 111362
|i snkKSP 5173/2003
|0 0
|1 0
|4 0
|d 2003-04-23
|f 1
|l 0
|r 2025-10-01 00:00:00
|w 2026-02-23
|
| 952 |
|
|
|a SNK
|b SNK
|y VYP
|7 0
|p 17A1363586
|o snkSC 111362 D1
|i snk2019/17044
|8 7
|0 0
|1 0
|4 0
|d 2019-06-24
|l 0
|r 2026-02-23 17:58:51
|w 2026-02-23
|